000 00385nam a22001577a 4500
003 MPLRDC
005 20220104123544.0
008 210129b ||||| |||| 00| 0 eng d
082 _a411.3 LQJ-2
100 _a林清机编著
245 _a营养均衡的食疗法
_c
260 _a
_b雷鼓出版社
_c1992
300 _b
650 _a营养与食品
942 _cBK
_o411.3 LQJ-2
999 _c12352
_d12342